[Event "21st European Teams Women"]
[Site "Hersonissos GRE"]
[Date "2017.11.06"]
[Round "9.15"]
[Board "2"]
[White "Dannenberg, Alia"]
[Black "Franciskovic, Borka"]
[Result "0-1"]
[BlackTitle "WIM"]
[WhiteElo "1975"]
[BlackElo "2242"]
[WhiteTeam "Finland"]
[BlackTeam "Croatia"]
[WhiteFideId "504688"]
[BlackFideId "14507943"]
[EventDate "2017.10.28"]

1. e4 c6 2. d3 d5 3. Nd2 g6 4. Ngf3 Bg7 5. g3 e5 6. Bg2 Ne7 7. O-O O-O 8. Re1
Qc7 9. b3 Nd7 10. Bb2 d4 11. c3 dxc3 12. Bxc3 Rd8 13. Qc2 c5 14. a4 Nc6 15. Nc4
Nf8 16. Qb2 Rxd3 17. Re3 Rxe3 18. fxe3 f6 19. Rd1 Be6 20. Bf1 Rd8 21. Rc1 Nd7
22. Ne1 Ndb8 23. Na3 Bh6 24. Kf2 Qd7 25. Nd3 Na6 26. Be1 Bf8 27. Qb1 Qf7 28. Nc4
Be7 29. Kg1 Qg7 30. Bf2 Qh6 31. Ne1 Nab4 32. Nd3 Nxd3 33. Bxd3 Nb4 34. Bf1 Bf8
35. Rd1 Be7 36. Qc1 Qf8 37. Be1 Qe8 38. Qb1 Rxd1 39. Qxd1 Qc6 40. Qb1 Kg7 41.
Be2 Qd7 42. Kf2 Nc6 43. Bc3 h5 44. h4 Bf7 45. Qc2 Qh3 46. Bf1 Qh2+ 47. Bg2 Be6
48. Qe2 Bh3 49. Qf1 b6 50. Kf3 Bxg2+ 51. Qxg2 Qxg2+ 52. Kxg2 Kf7 53. Kf3 Ke6 54.
Ke2 Bd8 55. Kd3 a6 56. Na3 Na7 57. Kc4 Kd6 58. b4 cxb4 59. Bxb4+ Kc6 60. Kb3 Nc8
61. Nc4 b5 62. Nd2 Bb6 63. Nf1 Nd6 64. Bxd6 Kxd6 65. axb5 axb5 66. Kc3 Ba5+ 67.
Kd3 Kc5 68. Nh2 Be1 69. Nf1 b4 70. Ke2 Bc3 71. Nh2 Kc4 72. g4 b3 73. Kd1 Kd3 0-1

[Event "21st European Teams Women"]
[Site "Hersonissos GRE"]
[Date "2017.11.06"]
[Round "9.15"]
[Board "3"]
[White "Purgar, Ivona"]
[Black "Puuska, Heini"]
[Result "1-0"]
[WhiteTitle "WFM"]
[BlackTitle "WFM"]
[WhiteElo "2200"]
[BlackElo "1947"]
[WhiteTeam "Croatia"]
[BlackTeam "Finland"]
[WhiteFideId "14514451"]
[BlackFideId "502324"]
[EventDate "2017.10.28"]

1. e4 c5 2. Nf3 e6 3. d4 cxd4 4. Nxd4 Nc6 5. Nc3 Qc7 6. g3 a6 7. Bg2 Nf6 8. O-O
Nxd4 9. Qxd4 Bc5 10. Bf4 d6 11. Qd2 h6 12. Rad1 e5 13. Be3 Be6 14. Bxc5 dxc5 15.
Nd5 Bxd5 16. exd5 Qd6 17. f4 O-O 18. fxe5 Qxe5 19. d6 Qxb2 20. d7 Rfd8 21. Bh3
b5 22. Bf5 Nxd7 23. Qa5 Qe5 24. Bxd7 Qe3+ 25. Rf2 b4 26. Qc7 Rac8 27. Qf4 Qe7
28. Rfd2 g5 29. Qd6 Qe3+ 30. Rf2 Ra8 31. Qf6 Qc3 32. Qxf7+ Kh8 33. Qe6 1-0

[Event "21st European Teams Women"]
[Site "Hersonissos GRE"]
[Date "2017.11.06"]
[Round "9.15"]
[Board "4"]
[White "Rinne, Heini"]
[Black "Berke, Ana"]
[Result "0-1"]
[BlackTitle "WIM"]
[WhiteElo "1765"]
[BlackElo "2154"]
[WhiteTeam "Finland"]
[BlackTeam "Croatia"]
[WhiteFideId "513423"]
[BlackFideId "14510359"]
[EventDate "2017.10.28"]

1. d4 Nf6 2. c4 e6 3. Nc3 Bb4 4. Qc2 d5 5. cxd5 exd5 6. Bg5 h6 7. Bxf6 Qxf6 8.
a3 Bxc3+ 9. Qxc3 O-O 10. e3 Bf5 11. Nf3 Nd7 12. Rc1 Rac8 13. b4 c6 14. Be2 Be4
15. O-O Qg6 16. Nh4 Qd6 17. Nf3 Rfe8 18. Nd2 Bf5 19. Bd3 Qg6 20. Bxf5 Qxf5 21.
Qc2 Qe6 22. Qa4 a6 23. Qd1 f5 24. Re1 Nf6 25. Nb3 Re7 26. Nc5 Qf7 27. Qf3 Ne4
28. Nxe4 Rxe4 29. a4 Rce8 30. g3 Qf8 31. b5 Qb4 32. bxc6 bxc6 33. Qd1 R4e6 34.
Rb1 Qe7 35. Qd3 f4 36. gxf4 Qh4 37. f5 Qg4+ 38. Kh1 Qf3+ 39. Kg1 Re4 40. Qxa6
Qh3 41. f4 Rxe3 42. Qf1 Qg4+ 43. Kh1 Qxf5 44. Rxe3 Rxe3 45. Rb8+ Kf7 46. Rb7+
Kf6 47. Rb1 Qe4+ 48. Kg1 Rf3 49. Qc1 Qxd4+ 50. Kg2 0-1

[Event "21st European Teams Women"]
[Site "Hersonissos GRE"]
[Date "2017.11.06"]
[Round "9.16"]
[Board "1"]
[White "Milovic, Aleksandra"]
[Black "Sahl, Sheila Barth"]
[Result "1/2-1/2"]
[WhiteTitle "WIM"]
[BlackTitle "WIM"]
[WhiteElo "2191"]
[BlackElo "2180"]
[WhiteTeam "Montenegro"]
[BlackTeam "Norway"]
[WhiteFideId "933988"]
[BlackFideId "1500953"]
[EventDate "2017.10.28"]

1. d4 d5 2. Bg5 h6 3. Bh4 c5 4. dxc5 Qa5+ 5. Nd2 Bf5 6. Nf3 Qxc5 7. Nb3 Qxc2 8.
Qxc2 Bxc2 9. Nbd4 Ba4 10. Rc1 Nc6 11. e3 e6 12. b3 Nxd4 13. Nxd4 Bd7 14. Nb5
Bb4+ 15. Kd1 Kf8 16. Rc7 Bxb5 17. Bxb5 a6 18. Bd3 b5 19. Ke2 Bd6 20. Rc6 Ba3 21.
Rb1 Be7 22. Bg3 g6 23. a4 Nf6 24. axb5 axb5 25. Bxb5 Ra2+ 26. Kf1 Ne4 27. Rc8+
Kg7 28. Rxh8 Kxh8 29. Rc1 Nd2+ 30. Kg1 Nxb3 31. Rc8+ Kg7 32. h3 Ra1+ 33. Kh2 Nd2
34. Be5+ Bf6 35. Bxa1 Bxa1 36. g3 Ne4 37. Kg2 Nd6 38. Ra8 Bc3 39. Bd3 h5 40. Ra6
Bb4 41. f4 Kf6 42. Kf3 e5 43. fxe5+ Kxe5 44. Ra4 Be1 45. Ra1 Bc3 46. Rc1 Bd2 47.
Rd1 Bc3 48. Bb1 g5 49. Ba2 d4 50. exd4+ Bxd4 51. Re1+ Kf6 52. Rc1 Be5 53. Rc6
Kg7 54. Rc7 Kg6 55. Bb1+ f5 56. g4 hxg4+ 57. hxg4 Kf6 58. gxf5 Nxf5 59. Rc6+ Nd6
60. Kg4 Bf4 61. Rc5 Be3 62. Rd5 Bf4 63. Bc2 Ke6 64. Ra5 Kf6 65. Bb3 Ke7 66. Ra7+
Kf6 67. Ra6 Ke7 68. Ra7+ 1/2-1/2

[Event "21st European Teams Women"]
[Site "Hersonissos GRE"]
[Date "2017.11.06"]
[Round "9.16"]
[Board "2"]
[White "Machlik, Monika"]
[Black "Stojanovic, Marija R"]
[Result "0-1"]
[BlackTitle "WIM"]
[WhiteElo "2037"]
[BlackElo "2102"]
[WhiteTeam "Norway"]
[BlackTeam "Montenegro"]
[WhiteFideId "1513621"]
[BlackFideId "931411"]
[EventDate "2017.10.28"]

1. d4 Nf6 2. Nf3 g6 3. g3 Bg7 4. Bg2 O-O 5. O-O d6 6. b3 Nc6 7. Bb2 a6 8. c4 Rb8
9. d5 Na5 10. Bc3 c5 11. Nbd2 b5 12. e4 e5 13. Ne1 h5 14. h4 Ng4 15. Qe2 b4 16.
Bb2 Bh6 17. Nc2 f5 18. f3 Nf6 19. exf5 gxf5 20. f4 exf4 21. gxf4 Ng4 22. Rf3
Qxh4 23. Rh3 Qd8 24. Rxh5 Bxf4 25. Rh8+ Kf7 26. Rh7+ Kg6 27. Rg7+ Kh6 28. Qf3
Be5 29. Bxe5 Nxe5 30. Qg3 f4 31. Qh2+ Kxg7 32. Be4 Qg5+ 33. Kf1 Rh8 34. Qf2 Qg3
35. Qxg3+ fxg3 36. Ke2 Rh2+ 37. Ke3 Ng4+ 0-1

[Event "21st European Teams Women"]
[Site "Hersonissos GRE"]
[Date "2017.11.06"]
[Round "9.16"]
[Board "3"]
[White "Koljevic, Nikolina"]
[Black "Machlik, Edit"]
[Result "0-1"]
[WhiteElo "1837"]
[BlackElo "2030"]
[WhiteTeam "Montenegro"]
[BlackTeam "Norway"]
[WhiteFideId "16503945"]
[BlackFideId "1513591"]
[EventDate "2017.10.28"]

1. e4 c6 2. d4 d5 3. e5 Bf5 4. h4 h5 5. c4 e6 6. Nc3 Ne7 7. Nge2 dxc4 8. Ng3 b5
9. Nce4 Bxe4 10. Nxe4 Nf5 11. Be3 Nd7 12. g3 Nb6 13. Be2 Nd5 14. Bg5 Qb6 15.
Bxh5 Qxd4 16. Qxd4 Nxd4 17. O-O-O c5 18. Bg4 Nb4 19. Be3 Nd3+ 20. Rxd3 cxd3 21.
Rd1 Ne2+ 22. Kd2 c4 23. Bxe2 Bb4+ 24. Nc3 dxe2 25. Kxe2 a6 26. a3 Be7 27. Ne4
Rd8 28. Rxd8+ Kxd8 29. Nc5 Bxc5 30. Bxc5 Kd7 31. Bb4 Kc6 32. Ke3 Rd8 33. Ba5
Rd3+ 34. Ke4 Rb3 35. Bc3 a5 36. Kd4 a4 37. h5 b4 38. axb4 Kb5 39. f4 a3 40. bxa3
Rxa3 41. g4 Ra8 42. f5 Rd8+ 43. Ke4 Ka4 44. f6 Rg8 45. Kd4 Kb3 46. Be1 gxf6 47.
exf6 Rxg4+ 0-1

[Event "21st European Teams Women"]
[Site "Hersonissos GRE"]
[Date "2017.11.06"]
[Round "9.16"]
[Board "4"]
[White "Kyrkjebo, Hanna B."]
[Black "Rakic, Tijana"]
[Result "1-0"]
[WhiteElo "1996"]
[BlackElo "1508"]
[WhiteTeam "Norway"]
[BlackTeam "Montenegro"]
[WhiteFideId "1511599"]
[BlackFideId "16504194"]
[EventDate "2017.10.28"]

1. e4 d5 2. exd5 Qxd5 3. Nc3 Qd6 4. d4 Nf6 5. Nf3 g6 6. Bc4 Bg7 7. O-O O-O 8. h3
a6 9. Re1 b5 10. Bd3 Bb7 11. Ne4 Nxe4 12. Bxe4 Bxe4 13. Rxe4 c5 14. Bf4 Qd7 15.
c3 Nc6 16. dxc5 Qf5 17. Qe1 Qxc5 18. Ne5 Nxe5 19. Bxe5 e6 20. Bf4 Rad8 21. a4
Rd7 22. Qe2 Rfd8 23. axb5 axb5 24. Rb4 Rd3 25. Ra5 Qf5 26. Raxb5 Rd1+ 27. Kh2
Qb1 28. Rb8 Bf8 29. Rxd8 Rxd8 30. Rb8 Rxb8 31. Bxb8 Bg7 32. Qd2 h5 33. Bg3 Qe4
34. Qf4 Qb1 35. Qb8+ Kh7 36. Qb7 Qf5 37. Qc7 Qf6 38. Qc4 g5 39. h4 Qg6 40. hxg5
Qxg5 41. Qf4 Qg6 42. f3 Bf6 43. Qe4 Qxe4 44. fxe4 Bg7 45. Bd6 Kg6 46. c4 Bxb2
47. c5 Bd4 48. c6 Bb6 49. c7 Bxc7 50. Bxc7 f5 51. e5 Kg5 52. Kg3 f4+ 53. Kf3 Kf5
54. Bd6 Kg5 55. Be7+ Kf5 56. Bf6 Kg6 57. Kxf4 Kh6 58. Ke4 Kg6 59. Kd4 Kf5 60.
Kc5 h4 61. Kd6 Kg4 1-0